| 000 | 00861cam a2200229 4500 | ||
|---|---|---|---|
| 001 | J110552 | ||
| 008 | 000000n2001 000 0 eng u | ||
| 035 | _a(Sirsi) u110552 | ||
| 050 | _a711.52 | ||
| 110 |
_aCabinet Office _91071 |
||
| 245 | 2 | _aA new commitment to neighbourhood renewal : national strategy action plan : report by the Social Exclusion Unit. | |
| 260 |
_aLondon _bCabinet Office _c2001 |
||
| 300 | _a127p. ; 30cm. | ||
| 650 | _aDEPRIVATION | ||
| 650 | _aHOUSING ESTATES | ||
| 650 | _aNEIGHBOURHOOD RENEWAL | ||
| 650 | _aNEIGHBOURHOOD RENEWAL FUND | ||
| 690 | _aREGENERATION | ||
| 710 |
_aSocial Exclusion Unit _93668 |
||
| 856 | _uhttps://webarchive.nationalarchives.gov.uk/+/http://www.cabinetoffice.gov.uk/media/cabinetoffice/social_exclusion_task_force/assets/publications_1997_to_2006/neighborhood_action_plan.pdf | ||
| 942 | _n0 | ||
| 999 |
_c101104 _d101104 |
||